| 000 | 00726nam a22001937a 4500 | ||
|---|---|---|---|
| 003 | SISC | ||
| 005 | 20170518114558.0 | ||
| 008 | 170518b xxu||||| |||| 00| 0 eng d | ||
| 020 | _a9781138816145 | ||
| 050 |
_aRJ 506.D4 _b.Au917 2016 |
||
| 100 | _aAuerbach, Randy P. | ||
| 245 |
_aCognitive behavior therapy for depressed adolescents : _ba practical guide to management and treatment / _cRandy P. Auerbach, Jeremy G.Stewart, Christian A. Webb. |
||
| 260 |
_aNY : _bRoutledge, _c2016. |
||
| 300 |
_aix, 252 pages : _billustrations ; _c22 cm. |
||
| 500 | _aIncludes bibliographical references and index. | ||
| 650 | _aDepression in adolescence - Treatment. | ||
| 650 | _aCognitive therapy for teenagers. | ||
| 942 |
_2lcc _cBK |
||
| 999 |
_c335155 _d335155 |
||